000 00504nam a2200193Ia 4500
005 20250326144851.0
008 250326s9999 xx 000 0 und d
020 _a0-333-96376-8
037 _aTextbook
040 _aFMSL
_beng
_cFMSL
041 _aeng
_2eng
084 _aX:8 P1
_qFMSL
100 _aKluge Jurgen
245 0 _aKnowledge unplugged
_cKluge Jurgen And Others
260 _aNY
_bNY, Palgrave
_c2001
300 _axi,213
942 _cTB
_hX:8 P1
999 _c1305380
_d1305380